Ngàn đời sóng vỗ

Gardado en:
Detalles Bibliográficos
Autor Principal: Đoàn Thi Thơ
Formato: Libro
Idioma:Undetermined
Publicado: Tp. HCM Văn Nghệ 1994
Những chủ đề:
Các nhãn: Engadir etiqueta
Sen Etiquetas, Sexa o primeiro en etiquetar este rexistro!
Thư viện lưu trữ: Trung tâm Học liệu Trường Đại học Cần Thơ
LEADER 00499nam a2200193Ia 4500
001 CTU_53415
008 210402s9999 xx 000 0 und d
082 |a 770.92 
082 |b Th460 
100 |a Đoàn Thi Thơ 
245 0 |a Ngàn đời sóng vỗ 
245 0 |c Đoàn Thi Thơ 
260 |a Tp. HCM 
260 |b Văn Nghệ 
260 |c 1994 
650 |a photographers 
650 |x biography 
650 |z vietnam 
980 |a Trung tâm Học liệu Trường Đại học Cần Thơ